La Revolución Francesa (1789-1795) (Record no. 161024)

MARC details
000 -LEADER
campo de control de longitud fija 00851nam a2200217 i 4500
001 - NÚMERO DE CONTROL
campo de control 161024
003 - IDENTIFICADOR DE NÚMERO DE CONTROL
campo de control ES-MaACL
005 - FECHA Y HORA DE LA ÚLTIMA TRANSACCIÓN
campo de control 20250902063111.0
008 - DATOS DE LONGITUD FIJA--INFORMACIÓN GENERAL
campo de control de longitud fija 970902q1885 sp a |||| | spa d
100 1# - ENTRADA PRINCIPAL--NOMBRE DE PERSONA
Nombre de persona Opisso, Alfredo,
Fechas asociadas al nombre 1847-1924
9 (RLIN) 87123
245 13 - MENCIÓN DEL TÍTULO
Título La Revolución Francesa (1789-1795)
Resto del título : estudios históricos : obra ilustrada con profusión de grabados /
Mención de responsabilidad, etc. Alfredo Opisso.
260 ## - PUBLICACIÓN, DISTRIBUCIÓN, ETC.
Lugar de publicación, distribución, etc. Barcelona :
Nombre del editor, distribuidor, etc. Ramón Molinas,
Fecha de publicación, distribución, etc. [1885?]
300 ## - DESCRIPCIÓN FÍSICA
Extensión 410 p. :
Otras características físicas il. ;
Dimensiones 25 cm.
490 1# - MENCIÓN DE SERIE
Mención de serie Biblioteca de "La Ilustración Ibérica"
596 ## - NOTA AL PIE DE IMPRENTA
NOTA AL PIE DE IMPRENTA Ramón Molinas ejerció ca. 1880-1900.
651 #4 - PUNTO DE ACCESO ADICIONAL DE MATERIA--NOMBRE GEOGRÁFICO
Nombre geográfico Francia-
Subdivisión general Historia-
Subdivisión cronológica 1789-1799, Revolución
9 (RLIN) 241176
700 1# - ENTRADA AGREGADA--NOMBRE PERSONAL
Nombre de persona Molinas, Ramón.
9 (RLIN) 130031
830 0# - PUNTO DE ACCESO ADICIONAL DE SERIE-TÍTULO UNIFORME
Título uniforme Biblioteca de "La Ilustración Ibérica"
9 (RLIN) 187640
852 ## - LOCALIZACIÓN
Ubicación ES-MaACL
Número de control de estantería G-14992
Nota libre - Enc. tela grabada
Holdings
Estatus retirado Estado de pérdida Estado de daño No para préstamo Colección Biblioteca de origen Biblioteca actual Ubicación en estantería Fecha de adquisición Fuente de adquisición Total de préstamos Signatura topográfica completa Código de barras Visto por última vez Precio de reemplazo Tipo de ítem Koha
        Libros del s. XIX Biblioteca del Ateneo de Madrid Biblioteca del Ateneo de Madrid Sala Pecera Planta 3 17/01/2008     G-14992 1168643 23/02/2023 23/02/2023 Libro impreso antiguo